Snow Angel (Deluxe)-Album (Reneé Rapp) - Statistics

General Stats
  • This quiz has been taken 33 times
  • The average score is 14 of 16
Answer Stats
Hint Answer % Correct
5. Snow Angel
100%
12. 23
95%
2. I Hate Boston
91%
8. Pretty Girls
91%
4. Gemini Moon
86%
13. (Deluxe) Messy
86%
1. Talk Too Much
86%
7. The Wedding Song
86%
9. Tummy Hurts
86%
16. (Deluxe, feat. Coco James) Tummy Hurts
86%
11. Willow
86%
14. (Deluxe) I Do
82%
3. Poison Poison
82%
10. I Wish
77%
6. So What Now
77%
15. (Deluxe) Swim
77%
No matching quizzes found
Score Distribution
Percent of People with Each Score
Percentile by Number Answered
Your Score History
You have not taken this quiz